Pavimentos de concreto hidráulico, proceso constructivo y mantenimiento.
Presenta documento con estudio de pavimentos de concreto hidráulico, proceso constructivo y mantenimiento en el cual se presenta el análisis de las ventajas y desventajas de la utilización de pavimentos de concreto hidráulico tanto económicas como técnicas y las diferentes herramientas que gar...
| Main Author: | |
|---|---|
| Other Authors: | |
| Format: | Tesis Section = Libro |
| Language: | Undetermined Spanish |
| Published: |
Managua
UNI
2010
|
| Subjects: |
| LEADER | 01170nam a2200253Ia 4500 | ||
|---|---|---|---|
| 008 | 240830s9999 xx 000 0 und d | ||
| 040 | |a BIBLIOTECA-RUPAP Mon 625.85 L533 | ||
| 041 | |a spa | ||
| 082 | |a Mon 625.85 L533 | ||
| 100 | 1 | |a Leiva López, María Auxiliadora | |
| 245 | 1 | 0 | |a Pavimentos de concreto hidráulico, proceso constructivo y mantenimiento. |
| 260 | |a Managua |b UNI |c 2010 | ||
| 300 | |a 140 p. :il. | ||
| 500 | |a Contiene: anexos. | ||
| 502 | |a Tesis (Ingeniero Civil)- UNI, 2010. | ||
| 520 | 3 | |a Presenta documento con estudio de pavimentos de concreto hidráulico, proceso constructivo y mantenimiento en el cual se presenta el análisis de las ventajas y desventajas de la utilización de pavimentos de concreto hidráulico tanto económicas como técnicas y las diferentes herramientas que garanticen altos niveles de calidad, servicio, seguridad y texturizado final. | |
| 650 | 7 | |a PAVIMENTOS | |
| 650 | 7 | |b PAVIMENTO RIGIDO | |
| 650 | 7 | |c PAVIMENTOS – DISEÑO Y CONSTRUCCION | |
| 650 | 7 | |d PROCESO CONTRUCTIVO – MANTENIMIENTO Y REPARACION | |
| 700 | 1 | |a Tutor: |b Calvo Rojas, Lucas Bernardo | |
| 942 | |c BK |2 ddc | ||
| 991 | |a TESIS | ||
| 999 | |c 16107 | ||